| 000 | 003860000a22001450004500 | ||
|---|---|---|---|
| 090 |
_aAR _b02002 |
||
| 245 | 1 | 0 | _aDiversidad florística y fitogeográfica de la Amazonia |
| 650 | 1 | 4 |
_aBotánica _9361 |
| 650 | 1 | 4 |
_aFitogeografía _992958 |
| 650 | 1 | 4 |
_aAmazonía _932858 |
| 041 | 0 | _aEspañol | |
| 100 | 1 |
_aGentry, Alwyn H. _93673 |
|
| 942 | _cARTICULO | ||
| 773 | 1 |
_tPreprint _33 _q65-70 _d1990? |
|
| 999 |
_c11079 _d11079 |
||